000 00230nam a22000857a 4500
008 170617b xxu||||| |||| 00| 0 eng d
100 _93474
_aPasricha. J. S
245 _aSkin and hair Health & diseas
260 _aNew Delhi
_bN. B. T
_c2006
999 _c6848
_d6848